000 00666nam a22002057a 4500
003 OSt
005 20230126125519.0
008 220916b |||||||| |||| 00| 0 eng d
020 _a1 875 296 08 5
040 _cBiblioteca Lado V
082 _a741
_bA613j
100 _9643
_aAnnear, Judy
_eeditora
245 _aJenny Watson:/
_bPaintings with Veils and False Tails/
260 _aAustralia
_bAETA
_c1993
300 _a55p.
_c21x27cm
650 _2Tesauro de Arte & Arquitectura
_aDIBUJO
650 _2Tesauro de Arte & Arquitectura
_aPINTURA
650 _2Tesauro de Arte & Arquitectura
_aARTE - AUSTRALIA
942 _2ddc
_c1
_h741
_iA613j
_n0
999 _c2917
_d2917